000 00657nam a2200205Ia 4500
003 OSt
005 20220926011841.0
006 a|||||r|||| 00| 0
007 ta
008 220923b |||||||| |||| 00| 0 eng d
037 _cGeneral Book
040 _aRTL
_cRTL
_beng
041 _2eng
_aeng
082 _aX:8Fm,N68, K8
245 0 _aSelceted studies in modern accounting
_b new collection of outstanding articles reprinted from the journal of accountancy
260 _aNew York
_bAmerican institute of certified public accountants
_c1968
300 _a96p
_ccm.
942 _hX:8Fm,N68, K8
_cGB
_2CC
999 _c621186
_d621186